Largest Cities/Towns in Oceania Beginning With 'V', 'Q' or 'Y' - Statistics

General Stats
  • This quiz has been taken 23 times
  • The average score is 2 of 7
Answer Stats
# Population Country Answer % Correct
3 15,800 New Zealand Queenstown
86%
2 16,709 Australia Victor Harbor
36%
1 20,575 Australia Yeppoon
36%
4 13,970 Papua New Guinea Vanimo
21%
7 10,240 Australia Yarabilba
14%
5 11,009 Australia Yanchep
7%
6 10,969 Australia Yarrawonga - Mulwala
7%
No matching quizzes found
Score Distribution
Percent of People with Each Score
Percentile by Number Answered
Your Score History
You have not taken this quiz